Online
Catalog
Normal view MARC view

Entry Nombre personal

Number of records used in: 11

001 - NÚMERO DE CONTROL

  • campo de control: 83901

003 - IDENTIFICADOR DEL NÚMERO DE CONTROL

  • campo de control: BNPHU

005 - FECHA Y HORA DE LA ÚLTIMA TRANSACCIÓN

  • campo de control: 20240307181005.0

008 - DATOS DE LONGITUD FIJA

  • campo de control de longitud fija: 230808|| aca||aabn | a|a d

010 ## - NÚMERO DE CONTROL DE LA BIBLIOTECA DEL CONGRESO

  • Número de control de LC: n 82151477

040 ## - FUENTE DE LA CATALOGACIÓN

  • Centro catalogador/agencia de origen: DO-SdBNP
  • Lengua de catalogación: spa
  • Centro/agencia transcriptor: BNPHU
  • Normas de descripción: rda

100 1# - ENCABEZAMIENTO-NOMBRE DE PERSONA

  • Nombre de persona: Galíndez, Jesús de,
  • Fechas asociadas al nombre: 1915-1956

370 ## - LUGAR ASOCIADO

  • Lugar de nacimiento: Madrid (España)

374 ## - OCUPACIÓN

  • Ocupación: Escritor
  • Ocupación: Jurista
  • Ocupación: Profesor
  • Ocupación: Político español

375 ## - GÉNERO/SEXO

  • Género/Sexo: Masculino

377 ## - LENGUA/LENGUAJE ASOCIADO

  • Código del idioma: spa
  • Término de lengua/lenguaje: Español

400 1# - TRAZADO DE VÉASE--NOMBRE DE PERSONA

  • Nombre de persona: De Galíndez, Jesús,
  • Fechas asociadas al nombre: 1915-1956

400 1# - TRAZADO DE VÉASE--NOMBRE DE PERSONA

  • Nombre de persona: Galíndez Suárez, Jesús,
  • Fechas asociadas al nombre: 1915-1956

400 1# - TRAZADO DE VÉASE--NOMBRE DE PERSONA

  • Nombre de persona: Suárez, Jesús Galíndez,
  • Fechas asociadas al nombre: 1915-1956.

670 ## - FUENTE DE DATOS ENCONTRADOS

  • Cita de la fuente: Ireland, G. Cursillo de derecho constitucional ... 1941.

670 ## - FUENTE DE DATOS ENCONTRADOS

  • Cita de la fuente: Presencia vasca en América, 1984

670 ## - FUENTE DE DATOS ENCONTRADOS

  • Cita de la fuente: Osorio Lizarazo, J.A. Un ouvrage cynique, 1956

670 ## - FUENTE DE DATOS ENCONTRADOS

  • Cita de la fuente: Vascos en el Madrid sitiado, 2005

670 ## - FUENTE DE DATOS ENCONTRADOS

  • Identificador Uniforme del Recurso: https://viaf.org/processed/LC%7Cn%20%2091049766

Powered by Koha